[Event "Luxembourg-chT 1415"]
[Site "Luxembourg"]
[Date "2015.03.29"]
[Round "10"]
[White "Felix, Georges"]
[Black "Favier, Alain"]
[Result "1/2-1/2"]
[WhiteElo "1917"]
[BlackElo "2011"]
[PlyCount "85"]
[EventDate "2014.10.05"]
[EventType "team-tourn"]
[EventRounds "10"]
[EventCountry "LUX"]
[SourceTitle "EXT 2017"]
[Source "ChessBase"]
[SourceDate "2016.10.25"]
[SourceVersion "1"]
[SourceVersionDate "2016.10.25"]
[SourceQuality "1"]

1. d4 d5 2. Nf3 Nf6 3. c4 c6 4. Nc3 dxc4 5. a4 Bf5 6. e3 e6 7. Bxc4 Nbd7 8. 0-0 Bb4 9. Bd2 0-0 10. Rc1 Nb6 11. Be2 h6 12. Qb3 Qe7 13. Ne5 Nbd5 14. Nxd5 Nxd5 15. Bxb4 Qxb4 16. Qxb4 Nxb4 17. a5 f6 18. Rc4 Nd5 19. Nd3 Rfd8 20. a6 bxa6 21. Rxc6 Rab8 22. Rxa6 Bxd3 23. Bxd3 Nb4 24. Ra3 Nxd3 25. Rxd3 Rxb2 26. Ra3 Rd7 27. g3 g5 28. Rfa1 Rbb7 29. Kf1 Kf7 30. R1a2 g4 31. Ke2 h5 32. Ra5 Kg6 33. f3 Rb3 34. Kf2 Rdb7 35. fxg4 hxg4 36. e4 R7b4 37. d5 Rxe4 38. dxe6 Rxe6 39. Rxa7 Reb6 40. Rc7 Rb2+ 41. Rxb2 Rxb2+ 42. Kg1 Ra2 43. Rc5 1/2-1/2